00650nam a2200265 i 4500003000900000005001700009007000300026008004100029040003000070041000700100082001800107100000300125245004700128264007500175300002800250336002700278337003300305338002800338700000300366700000300369700000300372700000300375700000300378700000300381DO-SdBNP20250826081712.0ta250826s190? dr a 000 0 spa d aDO-SdBNPbspacBNPHUerda asp axxxbP699222 1 aPlan de seguro médico :cguia práctica 1aSanto Domingo :bIntercontinental de Seguros,c[fecha no identificada] a156 páginas ;c21 cm. atextobtxt2rdacontent asin mediaciónbn2rdamedia avolumenbnc2rdacarrier